000 00667nam a22002057a 4500
999 _c20074
_d20074
003 AR-CdUCM
008 190525b ||||| |||| 00| 0 spa d
040 _aMUNICIPALIDAD PROVINCIAL DEL CUSCO
_cBIBLIOTECA MUNICIPAL DEL CUSCO
082 _a800 /
_bSH557
100 _aShipley, Joseph T.
_941997
245 _aDiccionario de la literatura mundial :
_bcrítica, formas, técnica /
260 _aBarcelona :
_bDestino,
_c1962.
300 _a559 páginas ;
_c25 cm.
505 _aContenido: Abstracto general -- Whitman.
650 _aLiteratura
_983
650 _aLiteratura
_983
650 _aDiccionarios
_95105
942 _2ddc
_cLIBROS
945 _adavv
_d2019-05-25